Hviezdoslavov : Pozoruhodnosti

Guardado en:
Detalles Bibliográficos
Formato: Libro
Lenguaje:eslovaco
Publicado: Komárňanské tlačiarne, 1995
Colección:Malá vlastivedná knižnica 58
Etiquetas: Agregar Etiqueta
Sin Etiquetas, Sea el primero en etiquetar este registro!

MARC

LEADER 00000nam a22000003a 4500
001 stu51150
005 20141122025713.6
008 991130s1995------------------------slo-d
020 |a 8088804841 
040 |a STU  |b slo 
041 0 |a slo 
245 |a Hviezdoslavov :  |b Pozoruhodnosti 
260 |b Komárňanské tlačiarne,  |c 1995 
830 0 |a Malá vlastivedná knižnica  |v 58 
996 |b 284AB00562  |c A*592 B  |l AAKNAR  |s A  |a 24  |w stu51150_0001 
996 |b 284AB00572  |c A*593 B  |l AAKNAR  |s A  |a 24  |w stu51150_0002